Normal view
MARC view
Entry Personal Name
001 - CONTROL NUMBER
- control field: 10483
003 - CONTROL NUMBER IDENTIFIER
- control field: ARRUPE
005 - DATE AND TIME OF LATEST TRANSACTION
- control field: 20140530110834.0
008 - FIXED-LENGTH DATA ELEMENTS
- fixed length control field: 140530|| aca||aabn | a|a d
040 ## - CATALOGING SOURCE
- Original cataloging agency: ARRUPE
- Transcribing agency: ARRUPE
100 ## - HEADING--PERSONAL NAME
- Personal name: Lévinas, Emmanuel.
670 ## - SOURCE DATA FOUND
- Source citation: Work cat.: (ARRUPE)0: Keenan, Dennis King, 1960- 10481, Death and responsibility :, c1999.